| 000 | 00631nam a22001937a 4500 | ||
|---|---|---|---|
| 005 | 20251108164246.0 | ||
| 008 | 250721s1993 xx 000 0 ara d | ||
| 082 | 1 | 4 | _a350,00091724/مهد |
| 100 | 1 | _aزويلف، مهدي حسن | |
| 245 | 1 | 0 | _aالتنمية الإدارية لدول النامية / |
| 264 | 1 |
_aعمان : _bدار مجدلاوي للنشر والتوزيع، _c1993. |
|
| 300 | _a198ص | ||
| 650 | 1 | 7 | _aالإدارة العامة |
| 650 | 1 | 7 | _aالبلدان النامية |
| 650 | 1 | 7 | _aإدارة التنمية |
| 700 | 1 | _aاللوزي، سليمان أحمد | |
| 942 |
_2ddc _cBK |
||
| 999 |
_c7683 _d7683 |
||